Представление документа в формате RUSMARC

ПолеНазваниеЗначение
  Тип записи a
  Библиографический уровень a
001 Контрольный номер RU/CBS_UL/BASE/580904334
005 Дата корректировки 20240209175225.5
100 Данные общей обработки __
a Данные общей обработки 20180529d2018 ||| 0rusy0189 ca
101 Язык документа 0_
a Язык текста rus
102 Страна публикации __
a Страна публикации RU
105 Кодированные данные (монография) __
a Кодированные данные (монография) y###||||000|y
200 Заглавие и сведения об ответственности 1_
a Заглавие В ожидании Еремеевой ночи
b Общее обозначение материала Текст
e Сведения, относящиеся к заглавию [репортаж с места событий, Петроград 1917-1918 гг.]
f Первые сведения об ответственности Н. Линд
g Последующие сведения об ответственности пер. с швед. и вступ. Е. Даль
300 Общие примечания __
a Общие примечания Ограничения по возрасту - 16+
461 Уровень набора _0
1 2000
a Иностранная литература
463 Уровень физической единицы _0
1 001RU/CBS_UL/BASE/580903527
1 2000
a № 11
v С. 53-60
1 210
d 2017
606 Тематические рубрики 0_
a Основная рубрика История - Россия - 20 в.
610 Ключевые слова 0_
a Ключевые слова история
610 Ключевые слова 0_
a Ключевые слова революции
610 Ключевые слова 0_
a Ключевые слова российская история
610 Ключевые слова 0_
a Ключевые слова воспоминания дипломата
686 Индексы других классификаций __
a Классификационный индекс 63.3(2)6
2 Код системы ББК
700 Автор _1
a Фамилия Линд
b Имя (инициалы) Н.
801 Источник записи _0
a Страна RU
b Организация МБУК ЦБС г. Ульяновска
c Дата составления 20180529
g Правила каталогизации RCR
801 Источник записи _1
a Страна RU
b Организация МБУК ЦБС г. Ульяновска
c Дата составления 20180529
g Правила каталогизации RCR
901 Тип документа __
t Тип документа b
w Контрольный № источника RU/CBS_UL/BASE/580903527
910 Корректоры записи __
a Корректор записи Ильина
938 Служебная информация __
a Имя БД period